00857nam a2200241 a 450000100060000000300080000600500170001400800410003103500190007204000320009104100080012308200240013110000540015524500440020926000620025330000200031549000410033565000220037683000500039894200120044899900170046095201380047751410BD-RjUL20211209075645.0160830s1946 enk 000 0 eng c a(BD-RjUL)51530 aDLMcDLMdMYGdBD-RjULbeng aeng a380.1223bDUI 19461 aDuncan, G. A.q(George Alexander),d1902-915377510aInternational trade /cby G. A. Duncan. aLondon :bRoyal Institute of International Affairs,c1946 a59 p. ;c19 cm.1 a"Looking forward" pamphlets ;vno. 7 0aCommerce.9153776 0a"Looking forward" pamphlets ;vno. 7.9153781 2ddccBK c51410d51410 00102ddc40708NFICaRUCLbRUCLcStackd1961-11-09eA.I.Qurishig51.00l0o380.1 DUI 1946r2016-08-30 00:00:00tC-2w2016-08-30yBK